Applied Psychology for Nurses/ (Record no. 1813)

MARC details
000 -LEADER
Fixed length control field 00517nam a2200205Ia 4500
003 - CONTROL NUMBER IDENTIFIER
Control field IIN
005 - DATE AND TIME OF LATEST TRANSACTION
Control field 20250519104843.0
008 - FIXED-LENGTH DATA ELEMENTS--GENERAL INFORMATION
Fixed length control field 250519s2024 xx ad 001 0 eng d
020 ## - INTERNATIONAL STANDARD BOOK NUMBER / ISBN
Price Rs.625.00
International Standard Book Number 9789356966963
040 ## - CATALOGING SOURCE
Original cataloging agency IIN
Language of cataloging English
082 ## - DEWEY DECIMAL CLASSIFICATION NUMBER
Classification number 150.2461073
Book Number SRE
100 1# - MAIN ENTRY--PERSONAL NAME
Personal name Sreevani, R.
245 #2 - TITLE STATEMENT
Title Applied Psychology for Nurses/
Statement of responsibility R. Sreevani
250 ## - EDITION STATEMENT
Edition statement 5th ed
260 ## - IMPRINT
Name of publisher Jaypee
Place of publication New Delhi
Date of publication 2024
300 ## - PHYSICAL DESCRIPTION
Page / Vol. No xx,291p.
Other physical details ill.
500 ## - GENERAL NOTE
General note Includes Index
650 1# - SUBJECT ADDED ENTRY--TOPICAL TERM
Topical term Psychology
942 ## - ADDED ENTRY ELEMENTS (KOHA)
Koha item type Books
Holdings
Withdrawn status Lost status Source of classification Damaged status Not for loan Collection code Home library Current library Shelving location Date acquired Price Total Checkouts Call number Accession number Date last seen Price effective from Koha item type
    Dewey Decimal Classification     Purches Book IDEAL INSTITUTE OF NURSING IDEAL INSTITUTE OF NURSING General Stacks 11/03/2025 625.00   150.2461073 SRE 2018 19/05/2025 19/05/2025 Books
© Ideal Institute Of Nursing, All rights reserved.         Powered by Koha